| 000 | 00508nam a2200193Ia 4500 | ||
|---|---|---|---|
| 003 | GCL | ||
| 008 | 140319s9999 xx 000 0 eng d | ||
| 040 |
_aGCL / _cGCL |
||
| 082 | 0 | 4 |
_a658.403 _bK B |
| 100 | 1 | _aKROENKE, DAVID | |
| 245 | 1 | 0 |
_aBUSINESS INFORMATION SYSTEMS: AN INTRODUCTION, 5TH ED. / _cKROENKE, DAVID |
| 700 | 1 | _aHATCH, RICHARD | |
| 260 |
_a[S.N] : _bMC GRAW - HILL ، _c1981 |
||
| 300 | _a516 P | ||
| 650 | 0 | 4 | _aMANAGEMENT |
| 650 | 0 | 4 | _aBUSINESS |
| 650 | 0 | 4 | _aCOMPUTING |
| 942 |
_2ddc _cBK |
||
| 999 |
_c21420 _d21420 |
||